Statistiques concernant Drapeaux des oblasts du Kirghizistan

Cliquez ici pour prendre le quiz!

Statistiques générales

  • Ce quiz a été pris 10 fois
  • Le résultat moyen est 4 sur 7

Statistiques - réponses

Réponse% Correct
Och
100%
Batken
60%
Naryn
60%
Ysyk-Köl
60%
Djalal-Abad
40%
Talas
40%
Tchouï
40%

Distribution des résultats

Percentile par nombre de réponses

% des personnes avec chaque résultat

Votre développement - résultats

Vous n’avez pas pris ce quiz